The Hunchback of Notre Dame Franchise - Statistics

General Stats
  • This quiz has been taken 18 times
  • The average score is 20 of 36
Answer Stats
Type Year Name Info % Correct
TV Film 1997 The Hunchback TNT
100%
Novel 1831 The Hunchback of Notre-Dame Victor Hugo
100%
Short Film 1911 The Hunchback of Notre Dame Pathé Frères / General Film Company
100%
Film 1923 The Hunchback of Notre Dame Universal
100%
Film 1939 The Hunchback of Notre Dame RKO Radio Pictures
100%
Film 1952 The Hunchback of Notre Dame Allied Artists
100%
TV Show 1966 The Hunchback of Notre Dame Syndicated
100%
TV Show 1977 The Hunchback of Notre Dame BBC
100%
TV Film 1982 The Hunchback of Notre Dame CBS
100%
Film 1986 The Hunchback of Notre Dame Image Entertainment / The Rank Organisation
100%
Film 1996 The Hunchback of Notre Dame Disney
100%
Musical 1999-Present The Hunchback of Notre Dame Alan Menken
100%
Opera 2002 Klokkeren fra Notre Dame Knud Christensen
92%
Video Game 1983 Hunchback Century Electronics
75%
Film 2002 The Hunchback of Notre Dame II Disney
75%
Opera 1914 Notre Dame Franz Schmidt
58%
Opera 1997 Notre-Dame de Paris Zigmars Liepiņš
50%
Opera 1998 Notre-Dame de Paris Riccardo Cocciante
50%
Ballet 1844 La Esmeralda Jules Perrot
42%
Opera 1847 Esmeralda Alexander Dargomyzhsky
33%
Opera 1883 Esmeralda Arthur Goring Thomas
33%
Short Film 1905 Esmeralda N/A
33%
Short Film 1922 Esmeralda N/A
33%
Film 1996 The Secret of the Hunchback UAV Entertainment
33%
Opera 1836 La Esmeralda Louise Bertin
25%
Opera 1993 El Jorobado de París Pepe Cibrián Campoy
17%
Film 1999 Quasimodo d'El Paris BAC Films
17%
Film 1917 The Darling of Paris Fox Film Corporation
17%
Video Game 1996 Disney's Animated Storybook: The Hunchback of Notre Dame Disney Interactive
8%
Theme Park Attraction 1996-1998 Festival of Fools Disneyland
8%
Ballet 1902 Gudule's Daughter, or Esmiralda Alexander Alexeyevich Gorsky
8%
Opera 2011 Our Lady of Paris David Levinson
8%
Ballet 2009 Ringaren i Notre Dame Pär Isberg
8%
Theme Park Attraction 1996-2002 The Hunchback of Notre Dame: A Musical Adventure Disney World / Disneyland
8%
Video Game 1996 The Hunchback of Notre Dame: Topsy Turvy Games Disney Interactive
8%
TV Show 1996 The Magical Adventures of Quasimodo Family Channel / France 3
8%
No matching quizzes found
Score Distribution
Percent of People with Each Score
Percentile by Number Answered
Your Score History
You have not taken this quiz